000 00824cab a2200277 4500
001 ABS55991
008 090401t1996 xxu||||| |||| 00| 0 eng d
035 _a(Sirsi) u20300
041 _aeng
100 _aRobinson, G.
245 _aDerivatives: filling a gap in the market
260 _c1996
350 _a0
490 _aEstates Gazette
_v(9644) 2 November 1996, 179-181(3)
520 _aPresents the case for a market in property derivatives directly linked to indices of property.
650 _aPROPERTY-COMMERCIAL PROPERTY
650 _aDERIVATIVES
650 _aLIQUIDITY
650 _aPROPERTY DERIVATIVES
650 _aPROPERTY INDEX CERTIFICATES
650 _aPROPERTY INVESTMENT
650 _aREITS
690 _aPROPERTY-PROPERTY FINANCE AND INVESTMENT
942 _n0
948 _c04/03/1997
999 _c13600
_d13600